Obálka Náhled e-knihy:
PDF
Pro půjčování e-knih musíte být přihlášeni.
Jak si půjčit online?

Anička a Velikonoce /

Další vyprávění o Aničce a jejích kamarádkách. Tentokrát se chystá na Velikonoce k babičce na vesnici.

Uloženo v:
Série:Anička, část 6
Hlavní autor: Peroutková, Ivana, 1960- (Autor)
Další autoři: Mastníková, Eva (Autor)
Médium: E-kniha
Jazyk:Czech
Vydáno: Praha : Albatros, 2021
Vydání:2. vydání
Témata:
Příbuzné jednotky:Z cyklu:: Anička
Tagy:
Žádné tagy
LEADER 02322nam a2200457 i 4500
001 311414
003 CZ PrSKC
005 20260601215705.0
007 ta
008 211004s2021 xr a b 000 j cze d
015 |a cnb003364855 
020 |a 9788000063836  |q (vázáno) :  |c Kč 249,00 
035 |a (OCoLC)1284974319 
040 |a ABG001  |b cze  |e rda 
072 7 |a 821.162.3-3  |x Česká próza  |2 Konspekt 
072 7 |a 821-93  |x Literatura pro děti a mládež (beletrie)  |2 Konspekt 
080 |a 821.162.3-32  |2 MRF 
080 |a 821-93  |2 MRF 
080 |a (0:82-32)  |2 MRF 
100 1 |a Peroutková, Ivana,  |d 1960-  |7 jn20000401963  |4 aut 
245 1 0 |a Anička a Velikonoce /  |c Ivana Peroutková ; ilustrovala Eva Mastníková 
250 |a 2. vydání 
264 1 |a Praha :  |b Albatros,  |c 2021 
300 |a 125 stran :  |b barevné ilustrace ;  |c 22 cm 
336 |a text  |b txt  |2 rdacontent 
337 |a bez média  |b n  |2 rdamedia 
338 |a svazek  |b nc  |2 rdacarrier 
520 2 |a Další vyprávění o Aničce a jejích kamarádkách. Tentokrát se chystá na Velikonoce k babičce na vesnici.  |b Už brzy se Aničce narodí bratříček nebo sestřička. Zatím se ale rozhodne, že na Velikonoce pojede k babičce, za svými kamarádkami Olinou a Irenou. Babička má z její návštěvy opravdovou radost a Anička rychle zjišťuje, co je nového. Babička si pořídila slepice - Anička může pomáhat se sbíráním vajíček a kluci už chystají proutky na pomlázky. Čekají je společně opravdu veselé Velikonoce. 
521 8 |a Pro čtenáře od 7 let 
655 7 |a české příběhy  |7 fd133973  |2 czenas 
655 7 |a publikace pro děti  |7 fd133156  |2 czenas 
655 9 |a Czech stories  |2 eczenas 
655 9 |a children's literature  |2 eczenas 
700 1 |a Mastníková, Eva  |7 jn20001103507  |4 ill 
787 0 8 |i Z cyklu:  |t Anička  |g 6 
900 |a ABA001  |b 20 
928 9 |a Albatros Media - Albatros 
044 |a xr 
910 |a RBIT002 
998 |d 335535  |a https://core.palmknihy.cz/api/books/335535/cover?si9zaa  |b https://core.palmknihy.cz/api/books/335535/cover/400?si9zaa  |c https://core.palmknihy.cz/api/books/335535/cover/50?si9zaa  |e 2031-12-31  |g 128  |i 9788000063836  |k https://core.palmknihy.cz/api/books/335535/preview.pdf  |l   |q 49  |r 1  |s https://www.palmknihy.cz/kniha/335535  |t ebook  |y 2021  |z 0  |v Anička  |w 6 
999 |d 311412